[Event "British KO-ch Preliminary 2018"]
[Site "London"]
[Date "2018.12.08"]
[Round "1.3"]
[White "Haria, Ravi"]
[Black "Turner, Matthew J"]
[Result "1-0"]
[WhiteElo "2441"]
[BlackElo "2533"]
[Annotator "TA"]
[PlyCount "91"]
[EventDate "2018.12.08"]
[EventType "k.o."]
[EventCountry "ENG"]
[SourceTitle "playchess.com"]
[Source "ChessBase"]
[SourceQuality "1"]

{[%evp 21,91,5,20,3,4,0,9,7,38,37,56,28,38,28,20,47,128,107,156,152,139,140,143,134,122,125,144,126,247,262,232,135,143,141,143,154,224,224,266,268,488,480,483,456,495,487,466,476,520,518,543,539,537,522,524,507,518,516,550,557,708,750,739,699,751,700,820,796,29983,29985,29987,29988]} 1. Nf3 Nf6 2. g3 g6 3. b3 Bg7 4. Bb2 O-O 5. Bg2 d5 6. c4 c6 7. O-O a5 8. d3 Bg4 {A11: English Opening: 1...c6} 9. a3 Nbd7 10. Nbd2 Re8 11. h3 Bxf3 {LiveBook: 3 Games} 12. Nxf3 e5 13. Nd2 {[%cal Bf3d2,Bd2c4,Bc4d6][%mdl 32]} Qb6 14. Rb1 $146 ({Predecessor:} 14. Qc2 d4 15. Rab1 Bf8 16. Kh2 Nh5 17. Bc1 Ng7 18. Qb2 Nc5 19. Ne4 Nxe4 20. Bxe4 Ne6 {½-½ (20) Prokopchuk,E (2500)-Galkin,A (2565) Krasnoyarsk 1998}) 14... Rad8 15. Qc2 e4 16. cxd5 {[%cal Rd3e4]} exd3 17. Qxd3 {Black must now prevent Nc4.} Nxd5 18. Nc4 Qb5 (18... Qc7 $14) 19. Bxg7 Kxg7 20. Nd6 Qxd3 21. exd3 {[%cal Be2d3,Bd3d4][%mdl 32]} Re2 22. Nxb7 Ra8 23. Rfc1 $36 {[%mdl 2048] White is on the roll.} Ra6 {[#]} 24. Nd8 $1 Ne5 (24... Nb8 $16 25. h4 Rb6) 25. d4 $18 Nd3 {[#]} 26. Rxc6 (26. Bf1 $1 $18 {[%cal Rf1e2]} Nxc1 27. Rxc1) 26... Rxc6 $16 27. Nxc6 Nc3 28. Rf1 Rb2 (28... a4 $16 29. bxa4 Nxa4) 29. Nxa5 $18 Ne2+ 30. Kh2 Nxd4 $2 (30... Nc3 31. a4 Nxf2) 31. Rd1 Nxb3 32. Nc4 ({Less strong is} 32. Rxd3 Nxa5 33. Kg1 Rb1+ 34. Bf1 Nc4 $14) 32... Rxf2 33. Rxd3 Nc5 34. Rd2 Rf6 35. Rd5 Na4 36. Ra5 Nc3 37. Ra7 Rf2 38. a4 {[%cal Ba3a4,Ba4a5,Ba5a6][%mdl 32]} Ra2 39. a5 Kf6 40. a6 Nb5 41. Rb7 Nd4 42. Rb6+ Kg5 43. Nb2 f5 44. Rb4 Nc2 45. Ra4 Rxb2 46. a7 {Accuracy: White = 90%, Black = 21%.} 1-0

[Event "British KO-ch Preliminary 2018"]
[Site "London"]
[Date "2018.12.08"]
[Round "1.3"]
[White "Merry, Alan B"]
[Black "Nunn, John D M"]
[Result "1-0"]
[WhiteElo "2429"]
[BlackElo "2572"]
[Annotator "TA"]
[PlyCount "147"]
[EventDate "2018.12.08"]
[EventType "k.o."]
[EventCountry "ENG"]
[SourceTitle "playchess.com"]
[Source "ChessBase"]
[SourceQuality "1"]

{[%evp 37,147,66,63,63,64,80,79,0,0,0,0,0,0,0,0,0,183,183,176,174,189,175,152,147,307,307,293,232,364,346,467,449,519,519,495,409,398,391,354,285,347,225,212,214,214,183,177,172,180,184,171,160,230,231,211,200,193,68,295,233,229,222,212,204,193,18,42,54,110,118,94,78,83,8,436,359,222,8,55,0,0,0,8,8,8,8,8,0,8,0,0,0,0,0,0,0,0,0,4133,4133,29967,29967,29979,29980,29980,29981,29983,29984,29983,29984,29986,29986]} 1. c4 Nf6 2. Nc3 g6 3. e4 d6 4. d4 Bg7 5. Nf3 {[%cal Bg1f3,Bf3e1,Be1d3][%mdl 32]} O-O 6. Be2 e5 7. O-O Nc6 8. d5 Ne7 9. Ne1 Nd7 10. Be3 f5 11. f3 f4 12. Bf2 g5 13. Nd3 Nf6 14. c5 Ng6 15. Kh1 {E99: King's Indian: Classical Main Line: 9 Ne1 Nd7 10 f3 f5} (15. Rc1 Rf7 16. Kh1 Bf8 17. Rg1 Rg7 18. b4 h5 19. Qd2 g4 20. g3 fxg3 21. Rxg3 a5 22. a3 axb4 23. axb4 c6 24. dxc6 bxc6 25. cxd6 Qxd6 {½-½ (41) Lenderman,A (2599)-Nakamura,H (2787) Saint Louis 2018}) 15... h5 16. Rc1 g4 17. cxd6 cxd6 18. Nb5 Rf7 19. Nxa7 Bd7 {LiveBook: 3 Games} 20. Qb3 $1 Nxe4 21. fxe4 f3 {[#]} 22. gxf3 $146 ({White should try} 22. Bb6 $1 $16 {[%cal Rb6d8]} Qh4 23. g3 (23. gxf3 g3 $11)) ({Predecessor:} 22. Bb6 Qh4 23. Bxf3 gxf3 24. Rxf3 Qxe4 25. Rxf7 Kxf7 {½-½ (35) Brugger,A (2523)-Zugrav,W (2559) ICCF email 2016}) 22... gxf3 $11 23. Bd1 {And now Rg1 would win.} Bh3 24. Rg1 $1 {[%cal Rg1g6]} Bg2+ $1 25. Rxg2 fxg2+ 26. Kg1 $1 Qg5 $2 (26... Bh6 $1 $11 27. Rc3 (27. Bxh5 Bxc1 28. Bxg6 Rxf2 $11 {[%mdl 64] Promotion}) 27... Rxf2 {[%mdl 64] Remove Defender} 28. Nxf2 Rxa7) 27. Rc8+ $18 Rxc8 28. Nxc8 Bf8 29. Qc2 Nh4 30. Nb6 Nf3+ $2 (30... Qe3 $16 {was necessary.}) 31. Bxf3 Rxf3 32. Nc4 (32. Ne1 Rf4 $16) 32... h4 (32... Qg6 {was called for.} 33. Qe2 Rf6) 33. Qe2 ({Weaker is} 33. Ne1 Rf4 $16) 33... Rf7 34. h3 Be7 35. Ne3 Kh8 36. Nxg2 Rg7 {[%csl Gg7][%cal Rg5g2]} 37. Nde1 Qg6 38. Qf3 Bg5 39. Qf5 Qxf5 40. exf5 Rc7 41. Nxh4 Kg7 42. Nhf3 Kf6 43. Bb6 $1 {[%cal Rb6c7]} Rc8 44. Kf2 $1 Kxf5 (44... Bc1 $16 45. Nd3 Kxf5) 45. Nxg5 Kxg5 46. Ke3 Kf5 47. h4 (47. Nd3 $18) 47... e4 $2 (47... Rc4 $1 $14) 48. a4 Rg8 49. Nc2 Ke5 {[#]} 50. Bd4+ $1 Kxd5 51. b3 $2 (51. Kf4 $18) 51... Rg3+ $11 52. Kf4 Rf3+ (52... Rxb3 $14 53. Be3 Rc3) 53. Kg4 $16 Rxb3 54. h5 Rb1 55. Bf2 (55. Na3 $16 Rh1 56. Be3) 55... Rh1 $2 {[%mdl 8192]} (55... Rb2 $1 $11 {and Black stays safe.} 56. Ne3+ Ke6) 56. Ne3+ Ke5 {[#]} 57. Bg3+ $2 (57. Kg5 $1 $18) 57... Ke6 58. Bh4 ({Better is} 58. Nf5 $14) 58... Rg1+ $11 59. Kf4 d5 60. h6 Rg8 $1 61. Nc2 Kf7 62. Ne3 Ke6 63. Bg5 d4 64. Nc2 d3 65. Nd4+ Kd5 {White must now prevent ...e3.} (65... Kf7 $5 66. Kf5 $8 Ra8 $14) 66. Nf5 {aiming for Bf6.} d2 {Threatens to win with ...Rf8.} 67. Ne3+ Kd4 $2 {[%mdl 8192]} (67... Ke6 $11) 68. Bf6+ $18 Kd3 69. h7 {White mates.} Rf8 70. h8=Q {[%mdl 64] Promotion} Rxh8 71. Bxh8 b6 72. Be5 d1=Q 73. Nxd1 Kc2 74. Nc3 {Accuracy: White = 49%, Black = 43%.} 1-0

[Event "British KO-ch Preliminary 2018"]
[Site "London"]
[Date "2018.12.08"]
[Round "1.4"]
[White "Nunn, John D M"]
[Black "Merry, Alan B"]
[Result "1-0"]
[WhiteElo "2572"]
[BlackElo "2429"]
[Annotator "TA"]
[PlyCount "71"]
[EventDate "2018.12.08"]
[EventType "k.o."]
[EventCountry "ENG"]
[SourceTitle "playchess.com"]
[Source "ChessBase"]
[SourceQuality "1"]

{[%evp 21,70,78,66,36,46,-39,-39,-73,-76,-131,-135,-171,-83,-102,-88,-141,-114,-259,-80,-75,-60,-81,-68,-75,-72,-124,-131,-133,-122,-197,-122,-167,-171,-176,-163,-161,-57,-78,-85,-396,0,0,0,0,433,437,604,590,1064,1037,29999]} 1. e4 e6 2. d4 d5 3. Nc3 Bb4 4. e5 c5 5. a3 Bxc3+ 6. bxc3 Qa5 7. Bd2 Qa4 8. Qg4 g6 9. Nf3 {C18: French: 3 Nc3 Bb4: Main line: 7 h4 and 7 Qg4} c4 (9... Nc6 10. Be2 Bd7 11. O-O c4 12. Ra2 O-O-O 13. Bg5 Rf8 14. Qh4 h6 15. Rb1 Rh7 16. h3 f5 17. exf6 Rff7 18. Qg3 Qa5 19. Bf4 Nxf6 20. Nd2 {1-0 (50) Saric,I (2689)-Lupulescu,C (2606) Batumi 2018}) 10. Be2 Nc6 11. O-O h6 {LiveBook: 3 Games} 12. h4 Bd7 13. h5 (13. Rfb1 $14) 13... g5 $146 ({Predecessor:} 13... Qxc2 14. Bd1 Qf5 15. Qg3 Nge7 16. Ne1 gxh5 {0-1 (79) Cabrera,A (2518)-Avalos Parra,J (2252) Caleta 2011}) 14. Ne1 f5 15. exf6 (15. Qh3 $142) 15... Nxf6 $17 16. Qg3 Ne4 (16... O-O-O $19 {is more deadly.} 17. Bd1 Rdf8) 17. Qe3 O-O-O 18. Bg4 (18. Nf3 $142) 18... Rhf8 19. f4 (19. Bd1 $17) 19... gxf4 $2 (19... Ne7 $19 {and Black stays clearly on top. aiming for ...e5!} 20. fxg5 Rxf1+ 21. Kxf1 e5 22. Bxd7+ Qxd7) 20. Rxf4 Rg8 21. Rxe4 dxe4 22. Qxe4 e5 23. Bxd7+ (23. Bf3 $142 Qa5 24. Qe2) 23... Rxd7 24. d5 Ne7 25. Bxh6 (25. Nf3 $17 {might work better.}) 25... Rxd5 ({Better is} 25... Qa6 $1 $19 {[%cal Ra6h6]} 26. Bd2 Nxd5) 26. Be3 Qc6 27. h6 Kb8 28. Rb1 Qe6 ({Black should try} 28... b6 $19 29. a4 Rf8) 29. Qxc4 Nf5 $1 {[%cal Rf5e3]} 30. Bc1 $2 {[%mdl 8192] [#]} (30. Bd2 $17) 30... Rh8 $2 (30... Rxg2+ $1 $19 {[%mdl 512]} 31. Kxg2 (31. Nxg2 Rd1+) 31... Rd2+ {[%mdl 64] Discovered Attack} 32. Bxd2 Qxc4) 31. Nd3 $11 {Threatens to win with Rxb7+!} Qd6 32. Qg4 $40 {[%mdl 128] Black needs to defend precisely.} Ne7 $2 {[%mdl 8192]} (32... Qd7 $11 {and Black stays safe.}) 33. Qg7 $18 Rc8 ({Don't play} 33... Rg8 {[#]} 34. Qxg8+ $1 {[%mdl 512]} Nxg8 35. h7) 34. h7 Rxd3 35. cxd3 Nf5 36. Qxb7# {Accuracy: White = 27%, Black = 39%.} 1-0

[Event "British KO-ch Preliminary 2018"]
[Site "London"]
[Date "2018.12.08"]
[Round "1.4"]
[White "Turner, Matthew J"]
[Black "Haria, Ravi"]
[Result "0-1"]
[WhiteElo "2533"]
[BlackElo "2441"]
[Annotator "TA"]
[PlyCount "86"]
[EventDate "2018.12.08"]
[EventType "k.o."]
[EventCountry "ENG"]
[SourceTitle "playchess.com"]
[Source "ChessBase"]
[SourceQuality "1"]

{[%evp 15,86,8,17,-7,59,56,58,33,50,32,35,33,38,19,14,23,35,13,49,12,80,0,93,106,145,157,158,156,141,109,185,194,308,289,345,346,370,147,146,141,140,129,120,104,102,109,163,171,189,187,191,155,189,181,206,155,155,158,158,131,135,29,29,24,23,22,23,22,43,-947,63,-972,-945]} 1. d4 e6 2. Nf3 Nf6 3. g3 b5 4. Bg2 d5 5. Bg5 (5. O-O Be7 6. Nbd2 O-O 7. Ne5 Bb7 8. Nb3 a5 9. a4 b4 10. c4 bxc3 {½-½ (10) Hera,I (2620)-Piorun,K (2633) Brest 2018}) 5... Be7 6. O-O {A46: 1 d4 Nf6 2 Nf3 e6: Torre, London and Colle Systems} Nbd7 7. Qd3 a6 8. Nbd2 Bb7 {LiveBook: 3 Games} 9. Nb3 Ra7 ({Black should play} 9... c5 $11 10. dxc5 Nxc5 11. Nxc5 Bxc5) 10. a4 $146 ({Predecessor:} 10. c3 Ne4 11. Bxe7 Qxe7 12. Ne5 Nec5 13. dxc5 Nxe5 {½-½ (23) Voiska,M (2340)-Van Hoolandt,P (2181) Cutro 2005}) 10... b4 11. c4 bxc3 12. Bxf6 Bxf6 13. Qxc3 O-O 14. Nc5 Nxc5 15. Qxc5 Qb8 16. Rfc1 Ba8 17. Ne1 e5 (17... c6 $11) 18. Nd3 (18. dxe5 $16 Bxe5 19. Bxd5) 18... exd4 (18... e4 $1 $11 {keeps the balance.} 19. Nb4 Rd8) 19. Bxd5 $16 Qb6 20. Bxa8 Rfxa8 21. a5 $36 {[%mdl 2048] White is in control.} Qe6 22. Nf4 Qb3 (22... Qd7 $16) 23. Nd5 $18 Bd8 (23... Rb7 {keeps fighting.} 24. Nxf6+ (24. Nxc7 Rd8 $16) 24... gxf6 25. Qxd4 Qxb2 26. Qg4+ Kh8) 24. Qxd4 Qb5 25. Qe4 c5 26. Nc3 $2 (26. b4 $18 {has better winning chances.} Rc8 27. bxc5) 26... Qd7 $16 27. Na4 Bxa5 28. Nxc5 Qb5 29. Qc4 Qxc4 30. Rxc4 Bb6 {[#]} (30... Bd8 $16 {is a better defense.} 31. b4 Be7) 31. Nxa6 $1 $18 h5 32. Rca4 Rd7 33. b4 Re8 34. e3 h4 35. gxh4 Re4 36. b5 Re5 37. Rb1 Rd2 38. Rf4 (38. Rbb4 $16) 38... Rxe3 $1 $11 39. fxe3 Bxe3+ {[%mdl 64] [#] Double Attack} 40. Kf1 Bxf4 41. h3 {Hoping for b6.} Rh2 {White must now prevent ...Rh1+.} 42. b6 $2 {[%mdl 8192]} (42. Rb3 $14) 42... Rxh3 $2 (42... Rh1+ $19 43. Kg2 Rxb1) 43. b7 $2 {[%mdl 8192]} (43. Rb4 $14 Be5 44. b7) 43... Rh1+ {Accuracy: White = 29%, Black = 37%.} 0-1

[Event "British KO-ch Preliminary 2018"]
[Site "London"]
[Date "2018.12.08"]
[Round "1.4"]
[White "Houska, Jovanka"]
[Black "Hawkins, Jonathan"]
[Result "0-1"]
[WhiteElo "2419"]
[BlackElo "2583"]
[Annotator "TA"]
[PlyCount "82"]
[EventDate "2018.12.08"]
[EventType "k.o."]
[EventCountry "ENG"]
[SourceTitle "playchess.com"]
[Source "ChessBase"]
[SourceQuality "1"]

{[%evp 9,82,-33,-29,-48,79,78,85,82,75,73,89,61,70,52,64,55,50,8,58,54,50,51,120,66,72,59,69,44,44,42,66,25,43,31,33,31,68,58,56,41,43,32,40,-42,-45,-59,-9,-88,-78,-75,-54,-72,-45,-133,-123,-197,-189,-287,-273,-273,-279,-319,-329,-330,-324,-330,-320,-364,-275,-333,-272,-274,-278,-772,-764]} 1. d4 d5 2. c4 dxc4 3. e4 e5 4. Nf3 {[%cal Bg1f3,Bf3d4,Bd4b5][%mdl 32]} exd4 5. Nxd4 Nf6 {Threatens to win with ...Bb4+.} (5... Bc5 6. Be3 Nc6 7. Nxc6 Qxd1+ 8. Kxd1 Bxe3 9. fxe3 bxc6 10. Bxc4 Nf6 11. Nd2 Ng4 12. Ke2 Ne5 13. Rac1 {½-½ (53) Kazhgaleyev,M (2618)-Khamrakulov,D (2490) Tashkent 2011}) 6. Bxc4 {D20: Queen's Gambit Accepted: 3 e3 and 3 e4} c5 (6... Bc5 $1 $15 7. Be3 Nc6 8. Nxc6 Qxd1+ 9. Kxd1 Bxe3 10. fxe3 bxc6) 7. Nb5 $16 {[#] Hoping for Bxf7+!} Qxd1+ 8. Kxd1 {Black must now prevent Nc7+.White is better.} Na6 9. N1c3 Be7 10. f3 $146 ({Predecessor:} 10. Ke2 O-O 11. Bf4 Bd7 12. f3 Nb4 13. Nd6 {½-½ (43) Bykov,O (2270)-Ivanova,S (1910) Kimry 2013}) 10... O-O 11. a3 Be6 12. Bxe6 fxe6 13. Kc2 Nd7 14. Be3 Ne5 15. Rad1 Nc4 (15... b6 $14) 16. Bc1 (16. Bf2 $16) 16... Ne5 $14 17. f4 Nc6 $1 18. Rd7 b6 19. Rhd1 Rad8 20. Rb7 Rb8 21. Rxb8 Naxb8 22. Be3 Bf6 23. e5 Be7 24. Nc7 Kf7 25. N3b5 Rd8 26. Nd6+ (26. Rxd8 $14 Bxd8 27. Nd6+ Ke7 28. Ncb5) 26... Bxd6 $1 $15 27. exd6 Na5 28. Kc3 (28. Bf2 $11 {remains equal.}) 28... Nb7 $17 29. f5 exf5 30. Bf4 Nc6 31. b4 (31. Rd5 $15) 31... Nd4 32. Re1 (32. Be5 $17 {might work better.}) 32... Nxd6 $19 33. bxc5 (33. Bxd6 $142 Rxd6 34. bxc5 bxc5 35. Kc4) 33... Ne4+ {[%mdl 64] [#] Double Attack, Zwischenzug} ({Weaker is} 33... bxc5 34. Bxd6 Rxd6 35. Kc4 $17) 34. Kc4 Nc2 ({Don't take} 34... bxc5 35. Rd1 $19) 35. Rc1 Rd4+ ({Less strong is} 35... Nxa3+ 36. Kb4 $17) 36. Kb3 {cxb6 is the strong threat.} Nxc5+ 37. Kxc2 Rxf4 38. Rd1 Rg4 39. g3 Re4 40. Nb5 {intending Nd6+.} Re3 41. Kb2 $2 (41. Kd2 Rb3 42. Nxa7) 41... Rb3+ {[%mdl 64] Double Attack. Accuracy: White = 33%, Black = 51%.} 0-1

[Event "British KO-ch Preliminary 2018"]
[Site "London"]
[Date "2018.12.08"]
[Round "1.5"]
[White "Nunn, John D M"]
[Black "Merry, Alan B"]
[Result "0-1"]
[WhiteElo "2572"]
[BlackElo "2429"]
[Annotator "TA"]
[PlyCount "68"]
[EventDate "2018.12.08"]
[EventType "k.o."]
[EventCountry "ENG"]
[SourceTitle "playchess.com"]
[Source "ChessBase"]
[SourceQuality "1"]

{[%evp 14,68,54,67,97,84,83,80,103,53,48,59,60,64,64,63,55,55,68,54,82,29,83,53,43,58,89,83,207,201,189,201,281,183,331,325,555,543,571,570,529,525,471,468,461,262,251,235,275,274,400,398,387,375,29985,29986,29988]} 1. e4 g6 2. d4 Bg7 3. Nc3 c6 4. Nf3 d6 5. Be3 Nd7 6. Qd2 b5 7. Bd3 Bb7 {B06: Modern Defence} (7... b4 8. Ne2 c5 9. dxc5 Nxc5 10. Bxc5 dxc5 11. Bb5+ Bd7 12. Bxd7+ Qxd7 13. Qxd7+ Kxd7 14. O-O-O+ Kc6 15. Kb1 {½-½ (35) Giri,A (2782)-Mamedyarov,S (2801) chess.com INT 2018}) 8. O-O {LiveBook: 58 Games} e5 9. a4 b4 $146 {White is better.} ({Predecessor:} 9... a6 10. axb5 axb5 11. d5 cxd5 12. Nxd5 Ngf6 13. Nxf6+ Nxf6 14. Bxb5+ Ke7 15. Qb4 {1-0 (27) Geurink,J (2300)-Hennig,D (2428) Netherlands 2000}) 10. Ne2 a5 11. c3 bxc3 12. bxc3 Ngf6 13. Rab1 Ba6 14. Bxa6 Rxa6 15. Ng3 O-O 16. dxe5 dxe5 17. Rfd1 (17. Rb7 $16) 17... Qe7 (17... Qc7 $11 {keeps the balance.}) 18. Qd6 Qxd6 19. Rxd6 Re8 20. Rb7 $36 {[%mdl 2048] White is really pushing.} Bf8 (20... Nf8 $16) 21. Rdxd7 $18 Nxd7 22. Rxd7 Rb8 23. h4 Rb1+ (23... f6 {might work better.} 24. h5 Raa8 25. hxg6 hxg6) 24. Kh2 Ra1 $2 {[#]} (24... f6 25. h5 c5 26. hxg6 hxg6) 25. Nxe5 Ra8 26. Nxf7 Rxa4 27. Nh6+ Bxh6 28. Bxh6 Rc4 {and the idea ...a4 leaves Black hopeful.} 29. Bc1 (29. Rg7+ $142 Kh8 30. Re7) 29... a4 30. Ba3 Rxc3 {[#]} 31. Bb2 $1 {[%cal Rb2c3]} Rc2 (31... Rc4 {keeps fighting.} 32. Rg7+ Kf8) 32. Bf6 Rxf2 33. e5 a3 $2 (33... Rf4 $18 34. Rg7+ Kf8 35. Rxh7 Re8) 34. Ne4 a2 {[%mdl 32768] Accuracy: White = 62%, Black = 19%. . Loss on time!?} 0-1